Proceedings of the conference of Ministers on the realization of Africa's potential for food production, Amsterdam, the Netherlands, 19-22 november 1985. (Record no. 54824)

MARC details
000 -LEADER
fixed length control field 01098nam a2200193 a 4500
008 - FIXED-LENGTH DATA ELEMENTS--GENERAL INFORMATION
fixed length control field 100113s1986 ||||||||||||||||| || u
050 ## - LIBRARY OF CONGRESS CALL NUMBER
Classification number CTA(02)
110 ## - MAIN ENTRY--CORPORATE NAME
Corporate name or jurisdiction name as entry element Technical Centre for Agricultural and Rural Cooperation (CTA)
245 10 - TITLE STATEMENT
Title Proceedings of the conference of Ministers on the realization of Africa's potential for food production, Amsterdam, the Netherlands, 19-22 november 1985.
Statement of responsibility, etc. The Technical Centre for Agricultural and Rural Cooperation(CTA)
246 ## - VARYING FORM OF TITLE
Title proper/short title Actes dela conference des Ministres sur la realisation du potentiel de production alimentaire de i'Afrique, Amsterdam, pays-bas, 19-22 novembre 1985.
260 ## - PUBLICATION, DISTRIBUTION, ETC.
Place of publication, distribution, etc. Ede, Wageningen:
Name of publisher, distributor, etc. CTA
Date of publication, distribution, etc. 1986
300 ## - PHYSICAL DESCRIPTION
Extent 157p.: ill.
350 ## - PRICE (NR) (BK AM CF MU VM SE) [OBSOLETE]
Price 0.00
490 ## - SERIES STATEMENT
Series statement The Technical Centre for Agricultural and Rural Cooperation(CTA)
650 ## - SUBJECT ADDED ENTRY--TOPICAL TERM
Topical term or geographic name entry element AGRICULTURE
650 ## - SUBJECT ADDED ENTRY--TOPICAL TERM
Topical term or geographic name entry element FOOD AND AGRICULTURE--RESEARCH
650 ## - SUBJECT ADDED ENTRY--TOPICAL TERM
Topical term or geographic name entry element FOOD SUPPLY--INTERNATIONAL COOPERATIONS--CONGRESSES
995 ## - RECOMMENDATION 995 [LOCAL, UNIMARC FRANCE]
-- 0.00
-- CBU-MAIN LIBRARY (Kitwe)
-- 1
-- 0.00
-- 1
-- AVAILABLE
-- Jan 13, 2010
-- International Publications
Holdings
Withdrawn status Lost status Source of classification or shelving scheme Damaged status Not for loan Home library Current library Shelving location Date acquired Total Checkouts Full call number Barcode Date last seen Price effective from Koha item type
          CBU-MAIN LIBRARY, KITWE. CBU-MAIN LIBRARY, KITWE.   11/30/2022   CTA(02) Z03005344 11/30/2022 11/30/2022 MONOGRAPH